| 000 | 00859nas a2200265 i 4500 | ||
|---|---|---|---|
| 001 | 189927 | ||
| 003 | ES-MaACL | ||
| 005 | 20250822052422.0 | ||
| 008 | 200124c2014 sp q| p | b||pa d | ||
| 022 | _a2341-0914 | ||
| 245 | 0 | 0 |
_aFahrenheitXXI _b: leer no está prohibido. |
| 246 | 3 | _aFahrenheit veintiuno | |
| 260 |
_aMálaga : _bParéntesis, _c2014- |
||
| 300 |
_a5 v. : _bil. ; _c33 cm. |
||
| 310 | _aTrimestral | ||
| 362 | 0 | _aN. 01 (en.-feb. 2014)-n. 05 (dic. [2014]-feb. 2015) | |
| 594 | _aTít. tomado de cubierta. | ||
| 650 |
_aLiteratura- _xHistoria y crítica. _914489 |
||
| 650 | 7 |
_aLibros y lectura _2embne _9142519 |
|
| 655 | 7 |
_2tgfbne _9226866 _aRevistas |
|
| 852 |
_aES-MaACL _jHEM-1987 _9197072 _zAntiguo casillero: 123 _zRevista muerta _hDonación: Secretaria _cHEM |
||
| 866 | 0 | _o2014. | |
| 942 | _2udc | ||
| 999 |
_c189927 _d189927 |
||